Finance and Accounting Program : Fast Track To Managerial Success (Record no. 10041)

000 -LEADER
fixed length control field 00278nam a2200097Ia 4500
008 - FIXED-LENGTH DATA ELEMENTS--GENERAL INFORMATION
fixed length control field 201231s9999 xx 000 0 und d
100 ## - MAIN ENTRY--PERSONAL NAME
Personal name Alexander Hamilton Institute, Inc.
245 #0 - TITLE STATEMENT
Title Finance and Accounting Program : Fast Track To Managerial Success
300 ## - PHYSICAL DESCRIPTION
Extent 0
942 ## - ADDED ENTRY ELEMENTS (KOHA)
Koha item type Books
Holdings
Withdrawn status Lost status Damaged status Not for loan Permanent Location Date acquired Full call number Barcode Date last seen Price effective from Koha item type
        IMU Kolkata 2020-12-31 658.1511 A374 PM05615 2020-12-31 2020-12-31 Books
Designed and Maintained by IMU-KC Library, Kolkata Campus © Copyright All Rights Reserved

webs counters

Powered by Koha